000 00486nam a2200157Ia 4500
005 20250624032021.0
008 240331s9999 xx 000 0 und d
020 _a9559255010
082 _bWIC
_a340
100 _aWickramasinghe,S
245 0 _aManawa ayitheen pilibanda neethiya saha manawadayavadee neethiya pilibanda hadinweemak
260 _aColombo
_bNadeson centre
_c1995
300 _a77 p .,
500 _aAn introduction to Human Rights , law and Humanitarian law
942 _cL
999 _c5091
_d5091